Documentación fotográfica / (Record no. 193029)

MARC details
000 -LEADER
campo de control de longitud fija 01475nam a2200397 i 4500
001 - NÚMERO DE CONTROL
campo de control 193029
003 - IDENTIFICADOR DE NÚMERO DE CONTROL
campo de control SpMaBN
005 - FECHA Y HORA DE LA ÚLTIMA TRANSACCIÓN
campo de control 20250728033104.0
007 - CAMPO FIJO DE DESCRIPCIÓN FÍSICA--INFORMACIÓN GENERAL
campo de control de longitud fija ta
008 - DATOS DE LONGITUD FIJA--INFORMACIÓN GENERAL
campo de control de longitud fija 230723s1999 sp | ||| ||spa
016 7# - NÚMERO DE CONTROL DE UNA AGENCIA BIBLIOGRÁFICA NACIONAL
Número de control del registro bimoBNE20000820471
Fuente SpMaBN
017 ## - NÚMERO DE COPYRIGHT O DE DEPÓSITO LEGAL
Número de copyright o de depósito legal M 29717-1999
Agencia que asigna Oficina Depósito Legal Madrid
020 ## - NÚMERO INTERNACIONAL ESTÁNDAR DEL LIBRO
Número Internacional Estándar del Libro 8477386897
035 ## - NÚMERO DE CONTROL DEL SISTEMA
Número de control de sistema (OCoLC)42682223
035 ## - NÚMERO DE CONTROL DEL SISTEMA
Número de control de sistema bimo0001501277
040 ## - FUENTE DE CATALOGACIÓN
Centro catalogador/agencia de origen SpMaBN
Lengua de catalogación spa
Centro/agencia transcriptor SpMaBN
Normas de descripción rdc
Centro/agencia modificador ES-MaACL
080 ## - NÚMERO DE LA CLASIFICACIÓN DECIMAL UNIVERSAL
Número de la Clasificación Decimal Universal 026.06:(084.12)
245 00 - MENCIÓN DEL TÍTULO
Título Documentación fotográfica /
Mención de responsabilidad, etc. [editor] Félix del Valle Gastaminza.
260 ## - PUBLICACIÓN, DISTRIBUCIÓN, ETC.
Lugar de publicación, distribución, etc. Madrid :
Nombre del editor, distribuidor, etc. Síntesis,
Fecha de publicación, distribución, etc. [1999]
300 ## - DESCRIPCIÓN FÍSICA
Extensión 255 p. :
Otras características físicas il. ;
Dimensiones 23 cm
336 ## - TIPO DE CONTENIDO
Fuente rdacontent
Término de tipo de contenido Texto
337 ## - TIPO DE MEDIO
Fuente rdamedia
Nombre/término del tipo de medio sin mediación
338 ## - TIPO DE SOPORTE
Fuente rdacarrier
Nombre/término del tipo de soporte volumen
490 1# - MENCIÓN DE SERIE
Mención de serie Ciencias de la información .Biblioteconomía y documentación ;
Designación de volumen o secuencia 19
500 ## - NOTA GENERAL
Nota general Catalogación provisional. Signatura: N 8551. Depósito J.
650 #0 - PUNTO DE ACCESO ADICIONAL DE MATERIA--TÉRMINO DE MATERIA
Término de materia o nombre geográfico como elemento de entrada Imágenes-
Subdivisión general Catalogación
9 (RLIN) 233837
700 1# - ENTRADA AGREGADA--NOMBRE PERSONAL
Nombre de persona Valle Gastaminza, Félix del,
Fechas asociadas al nombre 1957-2016
9 (RLIN) 233838
740 01 - ENTRADA AGREGADA--TÍTULO RELACIONADO/ANALÍTICO NO CONTROLADO
Título relacionado o analítico no controlado Manual de documentación fotográfica.
830 ## - PUNTO DE ACCESO ADICIONAL DE SERIE-TÍTULO UNIFORME
9 (RLIN) 183792
Título uniforme Ciencias de la información. Biblioteconomía y documentación ;
Designación de volumen o secuencia 19
852 ## - LOCALIZACIÓN
Ubicación ES-MaACL
Sublocalización o colección R 131088
Ubicación en estantería Depósito J
Número de control de estantería N 8551
Nota libre En proceso
itemnumber 200334
942 ## - ELEMENTOS DE ENTRADA SECUNDARIOS (KOHA)
Suprimir en OPAC No
Tipo de ítem Koha Libro impreso
Holdings
Estatus retirado Estado de pérdida Fuente del sistema de clasificación o colocación Estado de daño No para préstamo Colección Biblioteca de origen Biblioteca actual Ubicación en estantería Fecha de adquisición Fuente de adquisición Total de préstamos Signatura topográfica completa Código de barras Visto por última vez Precio de reemplazo Tipo de ítem Koha
    Clasificación decimal universal     Biblioteca profesional Biblioteca del Ateneo de Madrid Biblioteca del Ateneo de Madrid Depósito J 01/07/2023 Compra   N-8551 101205627 23/07/2023 23/07/2023 Libro impreso